Hat-Tricki reprezentacji Polski - Statystyki

Ogólne statystyki
  • Ten quiz został rozwiązany 66 razy
  • Średni wynik to 20 z 44
Statystyki odpowiedzi
Rok: Przeciwnik: Wynik: Odpowiedź % Poprawnych
2014 Gibraltar 7:0 Robert Lewandowski
98%
2015 Gruzja 4:0 Robert Lewandowski
98%
2016 Dania 3:2 Robert Lewandowski
98%
2017 Armenia 6:1 Robert Lewandowski
98%
2017 Rumunia 3:1 Robert Lewandowski
98%
2019 Łotwa 3:0 Robert Lewandowski
98%
1982 Belgia 3:0 Zbigniew Boniek
90%
1975 Kanada 8:1 Grzegorz Lato
84%
1975 USA 7:0 Kazimierz Deyna
78%
2007 Kazachstan 3:1 Euzebiusz Smolarek
72%
2009 San Marino 10:0 Euzebiusz Smolarek
72%
2021 San Marino 7:1 Adam Buksa
67%
2020 Finlandia 5:0 Kamil Grosicki
62%
1965 Finlandia 7:0 Włodzimierz Lubański
62%
1968 Turcja 8:0 Włodzimierz Lubański
62%
1969 Luksemburg 8:1 Włodzimierz Lubański
62%
1971 Turcja 5:1 Włodzimierz Lubański
62%
1973 USA 4:0 Włodzimierz Lubański
62%
1974 Haiti 7:0 Andrzej Szarmach
60%
2005 Azerbejdżan 8:0 Tomasz Frankowski
59%
1938 Brazylia 4:4 Ernest Wilimowski
57%
1939 Węgry 4:2 Ernest Wilimowski
57%
1956 Norwegia 5:3 Ernest Pohl
36%
1959 Finlandia 6:2 Ernest Pohl
36%
1960 Tunezja 6:1 Ernest Pohl
36%
1961 Dania 5:0 Ernest Pohl
36%
2004 Wyspy Owcze 6:0 Paweł Kryszałowicz
29%
1997 Mołdawia 3:0 Andrzej Juskowiak
28%
2000 Białoruś 3:1 Radosław Kałużny
28%
1950 Rumunia 3:3 Gerard Cieślik
21%
1980 Kolumbia 4:1 Andrzej Iwan
16%
1970 Dania 5:0 Joachim Marx
9%
1926 Finlandia 7:1 Wawrzyniec Staliński
7%
1968 Norwegia 6:1 Andrzej Jarosik
5%
1957 Finlandia 3:1 Edward Jankowski
5%
1968 Turcja 8:0 Eugeniusz Faber
5%
1930 Łotwa 6:0 Józef Nawrot
5%
1932 Rumunia 5:0 Józef Nawrot
5%
1931 Jugosławia 6:3 Mieczysław Balcer
5%
1934 Łotwa 6:2 Gerard Wodarz
3%
1967 Belgia 4:2 Janusz Żmijewski
3%
1937 Bułgaria 3:3 Józef Korbas
3%
1926 Turcja 6:1 Zygmunt Steuermann
3%
1926 Finlandia 7:1 Mieczysław Batsach
0%
Nie znaleziono quizów pasujących do podanych kryteriów
Rozkład punktacji
Procent ludzi z każdym wynikiem
Percentyl według liczby udzielonych odpowiedzi
Twoja historia wyników
Nie rozwiązałeś tego quizu